000 01289cam a22003254a 4500
001 13603998
003 mut
005 20240606081100.0
008 040524s2004 caua 001 0 eng
010 _a 2004107835
020 _a0782143539
040 _aDLC
_cDLC
_dDLC
042 _apcc
050 0 0 _aTR897.7
_b.D482 2004
082 0 0 _a006.6/96
_222
100 1 _aDerakhshani, Dariush.
245 1 0 _aIntroducing Maya 6 :
_b3d for beginners /
260 _aSan Francisco :
_bMaya Press :
_bSybex,
_cc2004.
300 _a362 p. :
_bill. (some col.) ;
_c23 cm. +
_e1 CD-ROM (4 3/4 in.)
500 _aIncludes index.
630 0 0 _aMaya (Computer file)
650 0 _aComputer animation.
650 0 _aThree-dimensional display systems.
856 4 2 _3Contributor biographical information
_uhttp://www.loc.gov/catdir/enhancements/fy0619/2004107835-b.html
856 4 2 _3Publisher description
_uhttp://www.loc.gov/catdir/enhancements/fy0619/2004107835-d.html
856 4 1 _3Table of contents only
_uhttp://www.loc.gov/catdir/enhancements/fy0619/2004107835-t.html
906 _a7
_bcbc
_corignew
_d2
_eepcn
_f20
_gy-gencatlg
942 _2lcc
_cBK
999 _c8645
_d8645